=LDR 00000nam 2200000 4500 =001 INLIS000000000039455 =005 20130612145100 =008 ***********************************Ind** =035 ##$$0010-061300000039455 =041 ##$$a Ind =082 ##$$a 641.3 =090 ##$$a 641.3, Ide i =100 ##$$a Ide, Pangkalan =245 ##$$a Dark chocolate healing, Mengungkp rahasia cokelat terhadap sirkulasi darah dan imunitas tubuh/Pangkalan Ide =260 ##$$a 2008 $b Jakarta =300 ##$$a xvii, 398 hlm., 21 cm =650 ##$$a Cokelat dan Khasiatnya =850 ##$$a NBPNMAT =990 ##$$a 0001/BPAP-NTB/20142015 =990 ##$$a 02460246 =990 ##$$a 01201900246 =990 ##$$a 0001/BPAP-NTB/20142015